Programming for minicomputers

Guardat en:
Dades bibliogràfiques
Autor principal: Cluley, J. C
Format: Llibre
Idioma:English
Publicat: New York : Crane, Russak, c1978.
Col·lecció:Computer systems engineering series
Etiquetes: Afegir etiqueta
Sense etiquetes, Sigues el primer a etiquetar aquest registre!

MARC

LEADER 00000nam a2200000Ia 4500
003 002112
005 20221231143956.0
008 140114s1978 nyua 000 ||eng d
020 |a 0713127074 
040 |c cru CEDI 
082 |a 001.642 C649p 
100 |a Cluley, J. C  |9 21279 
245 |a Programming for minicomputers 
260 |a New York : Crane, Russak,   |c c1978. 
300 |a  275 páginas ; 24 cm. 
440 |a  Computer systems engineering series  |9 21280 
942 |2 ddc  |c BK 
999 |c 15047  |d 15047